| 000 | 01079 a2200241 4500 | ||
|---|---|---|---|
| 020 | _a0072229209 | ||
| 035 | _a(OCoLC)ocm54984677 | ||
| 040 |
_aDLC _bDLC |
||
| 082 | 0 | 0 | _a006.78 |
| 100 | 1 | _aUnderdahl, Brian. | |
| 245 | 1 | 0 |
_aMacromedia Flash MX 2004 : the complete reference _bthe complete reference _cBrian Underdahl. |
| 250 | _a2nd ed. | ||
| 260 |
_aNew York, NY : _bMcGraw-Hill/Osborne, _cc2003. |
||
| 300 |
_axxx, 721 p. : _bill. ; _c24 cm. + _e1 CD-ROM (4 3/4 in.) |
||
| 500 | _aIncludes index. | ||
| 520 | _aContents of accompanying CD-ROM: Trial version of Flash MX 2004, Canvas 9 Professional Ed., Sorenson Squeeze, Swift 3D, Toon Boom Studio. | ||
| 650 | 0 | _aComputer animation. | |
| 650 | 0 |
_aWeb sites _xDesign. |
|
| 856 | 4 | 2 |
_3Publisher description _uhttp://www.loc.gov/catdir/enhancements/fy0669/2006299019-d.html |
| 856 | 4 | 2 |
_3Table of contents only _uhttp://www.loc.gov/catdir/enhancements/fy0669/2006299019-t.html |
| 856 | 4 | 2 |
_3Contributor biographical information _uhttp://www.loc.gov/catdir/enhancements/fy0705/2006299019-b.html |
| 942 |
_cBK _k006.78 UND _2ddc |
||
| 999 |
_c6808 _d6808 |
||